000 00849nam a22002657a 4500
005 20200104041749.0
008 160726b xxu||||| |||| 00| 0 spa d
020 _a9789589818268
040 _aCO-BoIAVH
_cCO-BoIAVH
041 _aspa
044 _ack
082 _a333.7516
_bG24l
245 0 4 _aLos Bosques Tropicales del Sur de Bolívar y el Sur del Cesar
260 _aBogotá:
_bFundación Alma,
_bEcopetrol,
_c2015.
300 _a88 paginas
_c24 x 17 cm
650 1 4 _aBosque seco tropical
_zSur de Bolívar
_zSur del Cesar
650 1 4 _aEstado Actual
650 1 4 _aTerritorio
650 1 4 _aMotores de Cambio
650 1 4 _aServicios Ecosistemicos
650 1 4 _aConservación
650 1 4 _aUso Sostenible
700 _aGarzon, Natasha Valentina
_eEditora
942 _2ddc
_cLIBRO
999 _c18910
_d18910